000 00659nam a2200145Ia 4500
008 090124s9999 xx 000 0 und d
082 _b40249
245 _a मराठी वाड.मयसेवक :चरित्रकोश ( इ. स. 1039-1940 ) खंड 2 रा
250 _a1
260 _bअथेना प्रकाशन
_c2003
300 _a427
630 _a मराठी वाड.मयसेवक :चरित्रकोश ( इ. स. 1039-1940 ) खंड 2 रा
730 _a मराठी वाड.मयसेवक :चरित्रकोश ( इ. स. 1039-1940 ) खंड 2 रा
942 _cBOOK
999 _c106566
_d106566